Cristiano Ronaldo Football - Statistiques

Statistiques générales
  • Ce quiz a été pris 285 fois
  • Le résultat moyen est 8 sur 13
Statistiques - réponses
Hint Réponse % Correct
Combien de Ligues des Champions a gagné Ronaldo ? 5 fois.
100%
Combien de fois Ronaldo a t'il remporté le ballon d'or ? 5 fois
100%
Combien Ronaldo a t'il d'enfants ? 4.
89%
Ronaldo a t'il marqué plus de 900 but en carrière ? Oui.
87%
Dans quel club Cristiano Ronaldo a t'il commencé sa carrière professionelle Sporting.
87%
Quel est le surnom de Cristiano Ronaldo ? CR7.
81%
En quelle année est né Ronaldo ? 1985.
79%
En quelle année Ronaldo était a son prime ? 2017.
61%
A quel âge Cristiano Ronaldo a t'il commencé sa carrière professionelle ? 17 ans.
51%
Dans quel Club Ronaldo veut-il prendre sa retraite ? Al Nassr
37%
Cite tous les club par lesquels Ronaldo est passé durant sa carrière professionelle ? Sporting, Manchester United, Real Madrid, Juventus, Al Nassr
29%
Cite moi 2 joueurs dont l'idole est Cristiano Ronaldo. Mbappe, Vinicius
12%
Quels sont les 3 choses que Ronaldo veut faire avant de prendre sa retraite ? Faire la Coupe du monde 2026, jouer un match officiel avec son fils et atteindre les 1000 buts en carrière.
0%
Aucun quiz correspondant
Distribution des résultats
% des personnes avec chaque résultat
Percentile par nombre de réponses
Votre historique - résultats
Vous n’avez pas pris ce quiz